Postoj medzinárodného spoločenstva ku konfliktu v Afganistane bakalárska práca

Gespeichert in:
Bibliographische Detailangaben
1. Verfasser: Horoščáková, Alexandra
Körperschaft: Fakulta medzinárodných vzťahov EU. Katedra medzinárodných ekonomických vzťahov a hospodárskej diplomacie
Weitere Verfasser: Ondriaš, Juraj, 1988-
Format: Buch
Sprache:Slowakisch
Veröffentlicht: Bratislava 2023
Tags: Tag hinzufügen
Keine Tags, Fügen Sie das erste Tag hinzu!

MARC

LEADER 00000nbm a2200000 4500
001 0293201
005 20240604092111.3
041 0 |a slo 
044 |a SK 
245 1 0 |a Postoj medzinárodného spoločenstva ku konfliktu v Afganistane  |b bakalárska práca  |c Alexandra Horoščáková ; školiteľ: Juraj Ondriaš 
264 1 |a Bratislava  |c 2023 
300 |a 54 s. 
100 1 |a Horoščáková, Alexandra 
700 1 |a Ondriaš, Juraj, 1988- 
710 2 |a Fakulta medzinárodných vzťahov EU. Katedra medzinárodných ekonomických vzťahov a hospodárskej diplomacie